<?xml version="1.0" encoding="UTF-8"?>
<marc:record xmlns:marc="http://www.loc.gov/MARC21/slim">
   <marc:leader>00000nam a2200000 a 4500</marc:leader>
   <marc:datafield ind1="1" ind2=" " tag="100">
      <marc:subfield code="a">Raubaum, Lena</marc:subfield>
      <marc:subfield code="4">aut</marc:subfield>
      <marc:subfield code="e">Verfasser/-in</marc:subfield>
   </marc:datafield>
   <marc:datafield ind1="0" ind2="0" tag="245">
      <marc:subfield code="a">Qualle im Tierheim</marc:subfield>
   </marc:datafield>
   <marc:datafield ind1=" " ind2="1" tag="264">
      <marc:subfield code="b">Obelisk</marc:subfield>
      <marc:subfield code="c">2020</marc:subfield>
   </marc:datafield>
   <marc:datafield ind1="1" ind2=" " tag="520">
      <marc:subfield code="a">Seitenweise 2020 Musste der liebenswerte Protagonist Qualle, eigentlich Max, im ersten Band einen Krankenhausaufenthalt überstehen, geht es nun um einen sehnlichen Wunsch: den nach einem Hund. Sympathischerweise wird dieser Wunsch von den Eltern nicht erfüllt, sondern ersetzt: Durch Mitarbeit im örtlichen Tierheim, wo es Qualle mit Geduld und Durchhaltevermögen schafft, ausgerechnet zum schwierigsten aller Hunde einen Draht zu finden. Humorvolle Schwarz-Weiß-Illustrationen, der stark am Mündlichen orientierte Erzählton und nicht zuletzt die charmante Art der Autorin, ganz nebenbei auch allerlei Faktenwissen über den richtigen Umgang mit Hunden in ihre Geschichte einzubauen, machen auch diesen Band zu einem Vergnügen - zum Selber-, aber auch zum Vorlesen. *STUBE*</marc:subfield>
   </marc:datafield>
   <marc:datafield ind1=" " ind2=" " tag="020">
      <marc:subfield code="a">9783851979503</marc:subfield>
      <marc:subfield code="9">9783851979503</marc:subfield>
   </marc:datafield>
</marc:record>
